La circuncisión del señor

Shranjeno v:
Bibliografske podrobnosti
Glavni avtor: Alfaro Avila, Karen
Format: Knjiga
Jezik:Undetermined
Izdano: San José, Costa Rica Escuela de Filología, Lingüística y Literatura,Universidad de Costa Rica 1994
Teme:
Oznake: Označite
Brez oznak, prvi označite!

MARC

LEADER 00000nam a2200000Ia 4500
008 170316s9999 xx 000 0 und d
040 |a cru BVZT 
090 |a Tesis 485 
100 |a Alfaro Avila, Karen 
245 |a La circuncisión del señor 
260 |a San José, Costa Rica 
260 |b Escuela de Filología, Lingüística y Literatura,Universidad de Costa Rica 
260 |c 1994 
300 |a 131 páginas 
650 |a LICENCIATURA EN FILOLOGÍA ESPAÑOLA 
650 |a TRABAJO FINAL DE GRADUACIÓN 
999 |c 14130  |d 14130 
942 |c TFG  |h Tesis 485  |2 z